Представление документа в формате RUSMARC

ПолеНазваниеЗначение
  Тип записи a
  Библиографический уровень a
001 Контрольный номер RU/CBS_Ul/BASE/512229560
005 Дата корректировки 20250606105818.6
100 Данные общей обработки __
a Данные общей обработки 2025 d2016####|||c0rusy0189 ca
101 Язык документа 0_
a Язык текста rus
102 Страна публикации __
a Страна публикации RU
105 Кодированные данные (монография) __
a Кодированные данные (монография) y###||||000|y
200 Заглавие и сведения об ответственности 1_
a Заглавие Под знаком скорпиона
b Общее обозначение материала Текст
e Сведения, относящиеся к заглавию [о молодом ульяновском поэте А. Дашко]
f Первые сведения об ответственности А. Лайков
461 Уровень набора _0
1 2000
a Симбирскъ
463 Уровень физической единицы _0
1 2000
a № 2 (32)
v С. 82
1 2101
d 2016
1 001RU/REG73/CBS_GRAD/56a43791faae4c3c89b9f6818a3aaf3f
600 Персоналии _1
a Персоналии (Фамилия) Дашко
b Персоналии (Имя, инициалы) А.
606 Тематические рубрики 0_
a Основная рубрика Литературоведение - Ульяновск
610 Ключевые слова 0_
a Ключевые слова российские поэты
610 Ключевые слова 0_
a Ключевые слова ульяновские поэты
610 Ключевые слова 0_
a Ключевые слова молодые ульяновские авторы
610 Ключевые слова 0_
a Ключевые слова молодые поэты Ульяновска
610 Ключевые слова 0_
a Ключевые слова Дашко А.
686 Индексы других классификаций __
a Классификационный индекс 83.3(2Рос=Рус)6
2 Код системы rubbk
700 Автор _1
a Фамилия Лайков
b Имя (инициалы) А.
g Полное личное имя Александр
4 Код отношения 070
801 Источник записи _0
a Страна RU
b Организация RuCBSGrad
c Дата составления 20250523
g Правила каталогизации RCR
801 Источник записи _1
a Страна RU
b Организация RuCBSGrad
c Дата составления 20250523
g Правила каталогизации RCR
852 Данные о местонахождении __
a Наименование организации МБУК ЦБС г. Димитровграда
901 Тип документа __
t Тип документа b
w Контрольный № источника RU/REG73/CBS_GRAD/56a43791faae4c3c89b9f6818a3aaf3f
909 Создатель записи __
a Создатель записи Тенигина
b Дата создания записи 20250523